000
00283nam a22001097a 4500
008
230621b xxu||||| |||| 00| 0 eng d
082
_a
327.6
_b
THI 1965
245
_a
The Foreign Policy of African States
260
_a
London
_b
Phoenix House
_c
1965
300
_a
XV,134p
942
_2
ddc
_c
BK
999
_c
1959
_d
1959